LEADER 00858cam0-22002891i-450 001 990004854200403321 005 20260227103238.0 035 $a000485420 035 $aFED01000485420 035 $a(Aleph)000485420FED01 100 $a19990530g19569999km-y0itay50------ba 101 1 $aita 105 $ay-------001yy 200 1 $aPoesie$fMuhammad Iqbál$gtraduzione dal persiano e dall'urdu con introduzione e note di Alessandro Bausani 210 $aParma$cGuanda$d1956. 215 $a107 p.$d24 cm 225 1 $aCollezione Fenice$v31 305 $aEdizione fuori serie. 700 1$aIqbal,$bMuhammad$0196085 702 1$aBausani,$bAlessandro$f<1921-1988> 801 0$aIT$bUNINA$gRICA$2UNIMARC 901 $aBK 912 $a990004854200403321 952 $aP.3 A1(160)$bBibl.30351$fFLFBC 959 $aFLFBC 996 $aPoesie$9308207 997 $aUNINA